00597 2200217 4500001002100000005001500021035002000036007000300056008004100059082001200100084001800112245008600130250000600216260004500222300002900267650002000296650002500316111001000341990001400351990001400365INLIS00000000000338020250114014630 a0010-0125000015ta250114 e 0 ind  a371.805 a371.805 VII o1 aOuting Class SMP Negeri 15 Kota Bogor Kelas 7F :bTahun Ajaran 2023-2024 /cVII F a1 aBogor :bSMP Negeri 15 Kota Bogor,c2024 avi, 109 Halaman ;c21 CM 4aPublikasi Siswa 4aStudent Publications2 aVII F aKS-25/004 aKS-25/005